[Event "Manhem Chessweek IM"]
[Site "www.ssmanhem.se"]
[Date "2014.08.09"]
[Round "1"]
[White "Fries Nielsen, Jens Ove"]
[Black "Brustkern, Jurgen"]
[Result "1-0"]
[WhiteElo "2401"]
[BlackElo "2255"]
[PlyCount "77"]
[EventDate "2014.??.??"]

1. e4 g6 2. Bc4 Bg7 3. h4 h5 4. Nf3 e6 5. Nc3 Ne7 6. d4 d5 7. Bd3 Nbc6 8. e5 a6
9. a3 b6 10. b4 Nf5 11. Bg5 Qd7 12. Ne2 Bb7 13. c3 Nce7 14. Nf4 Bc6 15. a4 a5
16. Bc2 Bb7 17. Bf6 Rg8 18. bxa5 Rxa5 19. Ng5 Bh6 20. Rh3 Ba6 21. g4 hxg4 22.
Qxg4 Qc6 23. Kd2 Qc4 24. Nd3 Qc6 25. Nb4 Qa8 26. Nxa6 Qxa6 27. Bd3 Qa7 28. h5
b5 29. hxg6 Rxg6 30. Bxe7 Kxe7 31. Rxh6 Rxh6 32. Bxf5 b4 33. Bc2 bxc3+ 34. Ke2
f5 35. exf6+ Rxf6 36. Qh4 Kd7 37. Nf3 Rf8 38. Qh6 Rxf3 39. Qg7+ 1-0

[Event "Manhem Chessweek IM"]
[Site "www.ssmanhem.se"]
[Date "2014.08.09"]
[Round "1"]
[White "Arnelind, Mikael"]
[Black "Lindgren, Philip"]
[Result "0-1"]
[WhiteElo "2167"]
[BlackElo "2317"]
[PlyCount "144"]
[EventDate "2014.??.??"]

1. d4 Nf6 2. c4 e6 3. Nc3 Bb4 4. e3 O-O 5. Bd3 d5 6. Nf3 c5 7. O-O dxc4 8. Bxc4
Nbd7 9. Qe2 b6 10. Rd1 cxd4 11. exd4 Bxc3 12. bxc3 Qc7 13. Ba3 Re8 14. Rac1 Bb7
15. Bb3 Qf4 16. Qd2 Qg4 17. h3 Qh5 18. Qf4 Bxf3 19. Qxf3 Qxf3 20. gxf3 Nf8 21.
c4 Ng6 22. Bd6 Nh4 23. Rc3 Nf5 24. Be5 Nd7 25. Ba4 Re7 26. Bh2 Rd8 27. c5 Nf6
28. c6 Nd5 29. Rc2 Nc7 30. Rcd2 Nd6 31. Bb3 g5 32. Be5 Nde8 33. Kh1 f6 34. Bg3
Nd6 35. Re1 Kf7 36. Bh2 Ndb5 37. Red1 Nc3 38. Rc1 N3d5 39. Bc2 h5 40. Bb3 h4
41. Re1 b5 42. Rc1 Nf4 43. Bxf4 gxf4 44. Rg1 f5 45. a4 bxa4 46. Bxa4 Rb8 47.
Rc1 Rb4 48. Bd1 Re8 49. Ra1 a6 50. Be2 Rb6 51. Rda2 Ra8 52. Rc2 Ke7 53. Rac1
Rab8 54. Kh2 Rb2 55. d5 Rxc2 56. Rxc2 exd5 57. Bd3 Kf6 58. Kg2 Rb6 59. Kf1 Ke5
60. Ke2 Kd6 61. Bxf5 Rxc6 62. Ra2 Nb5 63. Kd2 Nd4 64. Bg4 a5 65. Bh5 Nb3+ 66.
Kd1 Rc1+ 67. Ke2 Ra1 68. Rb2 Ra2 69. Rxa2 Nc1+ 70. Kd2 Nxa2 71. Be8 Kc5 72. Ba4
Kd4 0-1

[Event "Manhem Chessweek IM"]
[Site "www.ssmanhem.se"]
[Date "2014.08.09"]
[Round "1"]
[White "Bruedigam, Martin"]
[Black "Åkesson, Joel"]
[Result "1/2-1/2"]
[WhiteElo "2342"]
[BlackElo "2283"]
[PlyCount "65"]
[EventDate "2014.??.??"]

1. d4 e6 2. c4 Nf6 3. g3 Bb4+ 4. Bd2 Qe7 5. Nf3 Nc6 6. Nc3 Bxc3 7. Bxc3 Ne4 8.
Rc1 d6 9. d5 Nxc3 10. Rxc3 Nd8 11. dxe6 Nxe6 12. Bg2 O-O 13. O-O a5 14. Re1 Bd7
15. Nd4 Nc5 16. Qd2 Rae8 17. Nb3 Nxb3 18. Rxb3 b6 19. Qd4 Qe5 20. Rd3 Bf5 21.
Rd2 Be4 22. Bxe4 Qxe4 23. b3 Re5 24. Qxe4 Rxe4 25. f3 Re3 26. Rd3 Rfe8 27. Kf2
R3e5 28. e3 f5 29. h4 Kf7 30. Rd5 Kf6 31. f4 Re4 32. a4 h5 33. Rd3 1/2-1/2

[Event "Manhem Chessweek IM"]
[Site "www.ssmanhem.se"]
[Date "2014.08.09"]
[Round "1"]
[White "Poley, Vladimir"]
[Black "Berggren Torell, Harald"]
[Result "0-1"]
[WhiteElo "2290"]
[BlackElo "2131"]
[PlyCount "102"]
[EventDate "2014.??.??"]

1. Nf3 f5 2. g3 Nf6 3. Bg2 g6 4. b4 Bg7 5. Bb2 c6 6. O-O O-O 7. c4 a5 8. a3 d6
9. d4 axb4 10. axb4 Rxa1 11. Bxa1 Nbd7 12. Nbd2 Nb6 13. Qb3 Kh8 14. Rb1 Bd7 15.
e3 Qb8 16. Bf1 Na8 17. c5 b5 18. Ng5 h6 19. Ne6 Bxe6 20. Qxe6 Qd8 21. cxd6 exd6
22. Rc1 Nc7 23. Qa2 Ncd5 24. Qb1 Qb6 25. Bd3 Ne7 26. Nf3 Ra8 27. Bc3 Nfd5 28.
Be1 Qa7 29. Qc2 Qa2 30. Qd1 Qa3 31. Rb1 Nc3 32. Bxc3 Qxc3 33. Rb3 Ra1 34. Bb1
Qc4 35. Nd2 Qe6 36. Qc2 Bf6 37. Kg2 Ra6 38. Ba2 Nd5 39. Kg1 Nxb4 40. Rxb4 Qxa2
41. Qd3 Qa3 42. Rb3 Qc1+ 43. Kg2 Ra2 44. Nf3 Ra1 45. Kh3 Qh1 46. e4 g5 47. exf5
h5 48. g4 hxg4+ 49. Kxg4 Qg2+ 50. Kh5 Kg7 51. h4 Ra8 0-1

[Event "Manhem Chessweek IM"]
[Site "www.ssmanhem.se"]
[Date "2014.08.09"]
[Round "1"]
[White "Bengtsson, Jonas"]
[Black "Karlsson, Lars"]
[Result "0-1"]
[WhiteElo "2087"]
[BlackElo "2426"]
[PlyCount "54"]
[EventDate "2014.??.??"]

1. d4 g6 2. c4 Bg7 3. Nf3 d6 4. Nc3 Bg4 5. d5 Bxc3+ 6. bxc3 Nf6 7. h3 Bd7 8.
Bh6 Rg8 9. e3 c6 10. Rb1 Na6 11. Be2 Nc5 12. O-O g5 13. h4 gxh4 14. Nxh4 Qa5
15. Qd4 Qxa2 16. Bf3 Bg4 17. Ra1 Qc2 18. Rfc1 Qd3 19. Rd1 Qxd4 20. cxd4 Bxf3
21. Nxf3 Nce4 22. dxc6 bxc6 23. Bf4 Ng4 24. Rf1 a5 25. Nh2 Nd2 26. Rfd1 Nxh2
27. Bxh2 Nxc4 0-1

[Event "Manhem Chessweek IM"]
[Site "www.ssmanhem.se"]
[Date "2014.08.10"]
[Round "2"]
[White "Bengtsson, Jonas"]
[Black "Arnelind, Mikael"]
[Result "1/2-1/2"]
[WhiteElo "2087"]
[BlackElo "2167"]
[PlyCount "50"]
[EventDate "2014.??.??"]

1. d4 Nf6 2. c4 e6 3. Nc3 Bb4 4. e3 O-O 5. Bd3 d5 6. Nf3 c5 7. O-O Nc6 8. a3
Bxc3 9. bxc3 dxc4 10. Bxc4 Qc7 11. Be2 b6 12. c4 Rd8 13. Bb2 Ne7 14. Qc2 Bb7
15. Ne5 Ng6 16. Bd3 cxd4 17. exd4 Nf4 18. f3 Nxd3 19. Qxd3 Rac8 20. Rac1 Qe7
21. Rfd1 Nd7 22. Qe3 Nxe5 23. Qxe5 Qd6 24. Qe3 Re8 25. Rd2 Ba6 1/2-1/2

[Event "Manhem Chessweek IM"]
[Site "www.ssmanhem.se"]
[Date "2014.08.10"]
[Round "2"]
[White "Karlsson, Lars"]
[Black "Berggren Torell, Harald"]
[Result "1-0"]
[WhiteElo "2426"]
[BlackElo "2131"]
[PlyCount "81"]
[EventDate "2014.??.??"]

1. b3 d6 2. Bb2 e5 3. c4 Nc6 4. e3 g6 5. Nc3 Bg7 6. a3 f5 7. Nf3 e4 8. Ng1 Nf6
9. Nh3 O-O 10. Nf4 Ne5 11. h4 c6 12. h5 g5 13. h6 Bh8 14. Nh3 Nfg4 15. f4 gxf4
16. Nxf4 Bf6 17. g3 Nf3+ 18. Ke2 Bg5 19. Bh3 Nfe5 20. Bxg4 Nxg4 21. Rh5 Kf7 22.
Qf1 Rg8 23. Nh3 Ke8 24. Kd1 Bxe3 25. Kc2 Qe7 26. Re1 Qf7 27. Nxe4 Qxh5 28.
Nxd6+ Kd7 29. dxe3 Kxd6 30. Qf4+ Ke7 31. e4 Qf7 32. Ng5 Rxg5 33. Qxg5+ Kd7 34.
Rd1+ Ke6 35. c5 Qf8 36. Rd6+ Kf7 37. exf5 Qg8 38. Qh5+ Ke7 39. f6+ Nxf6 40.
Bxf6+ Kf8 41. Rd8# 1-0

[Event "Manhem Chessweek IM"]
[Site "www.ssmanhem.se"]
[Date "2014.08.10"]
[Round "2"]
[White "Brustkern, Jurgen"]
[Black "Bruedigam, Martin"]
[Result "0-1"]
[WhiteElo "2255"]
[BlackElo "2342"]
[PlyCount "64"]
[EventDate "2014.??.??"]

1. c4 c6 2. e4 d5 3. exd5 cxd5 4. cxd5 Nf6 5. Qa4+ Nbd7 6. Nc3 g6 7. Bc4 Bg7 8.
Nf3 O-O 9. d3 a6 10. Qa3 Nb6 11. Qb3 Bg4 12. Ne5 Bf5 13. O-O Qd6 14. Re1 Rad8
15. Bf4 Nh5 16. Nxg6 Qxg6 17. Bc7 Nxc4 18. Bxd8 Ne5 19. Rxe5 Bxe5 20. Bxe7 Re8
21. d6 Bxd6 22. Bxd6 Qxd6 23. Qxb7 Qxd3 24. h3 Nf4 25. Rd1 Qc4 26. Qf3 Ne2+ 27.
Nxe2 Qxe2 28. Qg3+ Bg6 29. Rd6 a5 30. Rb6 Qe5 31. Qh4 Rc8 32. g3 Rc2 0-1

[Event "Manhem Chessweek IM"]
[Site "www.ssmanhem.se"]
[Date "2014.08.10"]
[Round "2"]
[White "Lindgren, Philip"]
[Black "Fries-Nielsen, Jens Ove"]
[Result "0-1"]
[WhiteElo "2317"]
[BlackElo "2401"]
[PlyCount "70"]
[EventDate "2014.??.??"]

1. c4 e6 2. g3 d5 3. Bg2 g6 4. Nf3 Bg7 5. d4 Ne7 6. O-O O-O 7. cxd5 exd5 8. Nc3
c6 9. e4 dxe4 10. Nxe4 Na6 11. Re1 Nc7 12. Bg5 f6 13. Bd2 Ned5 14. Qc1 g5 15.
h4 g4 16. Nh2 f5 17. Bg5 Qd7 18. Nc5 Qd6 19. Qc4 Kh8 20. h5 h6 21. Bh4 b6 22.
Nb3 Ba6 23. Qc2 Rac8 24. Rad1 Ne6 25. Nxg4 Nef4 26. gxf4 fxg4 27. f5 Qf4 28. f6
Bxf6 29. Bg3 Qg5 30. Re6 Nf4 31. Bxf4 Qxf4 32. Qg6 Bg5 33. Rd2 g3 34. fxg3 Qxg3
35. Re4 Rf1# 0-1

[Event "Manhem Chessweek IM"]
[Site "www.ssmanhem.se"]
[Date "2014.08.10"]
[Round "2"]
[White "Åkesson, Joel"]
[Black "Poley, Vladimir"]
[Result "0-1"]
[WhiteElo "2283"]
[BlackElo "2290"]
[PlyCount "114"]
[EventDate "2014.??.??"]

1. c4 e6 2. Nf3 d5 3. d4 a6 4. cxd5 exd5 5. Nc3 h6 6. Bf4 Nf6 7. e3 Be7 8. Bd3
O-O 9. h3 Re8 10. Qc2 Nc6 11. a3 Bd6 12. Bxd6 Qxd6 13. O-O Nd8 14. Rac1 Ne6 15.
Ne2 c6 16. Ng3 Ng5 17. Ne5 Qd8 18. f3 Re7 19. h4 Ne6 20. Nf5 Rc7 21. Qf2 Nf8
22. Qg3 Bxf5 23. Bxf5 Ne8 24. Bd3 Qd6 25. Qf2 c5 26. Bf5 g6 27. Bb1 Rac8 28.
Ng4 h5 29. Ne5 cxd4 30. Rxc7 dxe3 31. Qxe3 Qxc7 32. Nd3 Nd6 33. Rc1 Qd8 34.
Rxc8 Nxc8 35. Ba2 Ne7 36. Qa7 Qc7 37. Qc5 Qd7 38. Ne5 Qe6 39. Qc7 Nc6 40. f4
Nxe5 41. fxe5 Qc6 42. Qd6 Qc1+ 43. Kh2 Qf4+ 44. Kg1 Qd4+ 45. Kf1 Qd1+ 46. Kf2
Qd2+ 47. Kf3 d4 48. g3 Qxb2 49. e6 Qc3+ 50. Kg2 Qc2+ 51. Kg1 Qd1+ 52. Kf2 Qd2+
53. Kf1 Qd3+ 54. Kg2 Qe4+ 55. Kh2 Nxe6 56. Bxe6 Qxe6 57. Qxd4 Qa2+ 0-1

[Event "Manhem Chessweek IM"]
[Site "www.ssmanhem.se"]
[Date "2014.08.11"]
[Round "3"]
[White "Arnelind, Mikael"]
[Black "Karlsson, Lars"]
[Result "0-1"]
[WhiteElo "2167"]
[BlackElo "2426"]
[PlyCount "78"]
[EventDate "2014.??.??"]

1. d4 e6 2. c4 f5 3. g3 Nf6 4. Bg2 Bb4+ 5. Bd2 Qe7 6. Nf3 Bxd2+ 7. Nbxd2 d6 8.
O-O O-O 9. Qc2 e5 10. e4 f4 11. c5 Nc6 12. d5 Nd8 13. Rac1 Nf7 14. cxd6 cxd6
15. Qc7 Bd7 16. Qxb7 g5 17. gxf4 gxf4 18. Kh1 Kh8 19. Qa6 Rg8 20. Rg1 Ng4 21.
Qe2 Rg6 22. Rc7 Rag8 23. Rxa7 Bb5 24. Rxe7 Bxe2 25. h3 Nxf2+ 26. Kh2 Bxf3 27.
Nxf3 Ng5 28. Rf1 Nxf3+ 29. Bxf3 Nxh3 30. Re6 Rg3 31. Rh6 Ng5 32. Bh1 Re3 33.
Rf2 f3 34. Rh4 Re2 35. Kg3 Nh3+ 36. Kxh3 Rxf2 37. Rg4 Rf1 38. Rxg8+ Kxg8 39.
Kh2 f2 0-1

[Event "Manhem Chessweek IM"]
[Site "www.ssmanhem.se"]
[Date "2014.08.11"]
[Round "3"]
[White "Poley, Vladimir"]
[Black "Brustkern, Juergen"]
[Result "0-1"]
[WhiteElo "2290"]
[BlackElo "2255"]
[PlyCount "70"]
[EventDate "2014.??.??"]

1. Nf3 f5 2. g3 Nf6 3. Bg2 e6 4. O-O Be7 5. c4 O-O 6. d4 d6 7. Qd3 Ne4 8. Ne1
Nc6 9. f3 Nf6 10. Nc3 e5 11. d5 Nb8 12. Nc2 a5 13. Bh3 Na6 14. Be3 Kh8 15. Qd2
f4 16. gxf4 Bxh3 17. Rf2 Nh5 18. fxe5 dxe5 19. Ne4 Bh4 20. Bg5 Bxf2+ 21. Nxf2
Qd7 22. Qxa5 Qf5 23. Qd2 Nc5 24. Ne1 Nb3 25. e4 Qg6 26. axb3 Rxa1 27. Nxh3 Nf4
28. Nxf4 Qxg5+ 29. Kf2 exf4 30. c5 Qh4+ 31. Kf1 Qh3+ 32. Ke2 Qxh2+ 33. Kd3 Qg1
34. Ke2 Qxc5 35. Nd3 Qd4 0-1

[Event "Manhem Chessweek IM"]
[Site "www.ssmanhem.se"]
[Date "2014.08.11"]
[Round "3"]
[White "Bruedigam, Martin"]
[Black "Lindgren, Philip"]
[Result "1/2-1/2"]
[WhiteElo "2342"]
[BlackElo "2317"]
[PlyCount "144"]
[EventDate "2014.??.??"]

1. Nf3 d5 2. d4 Nf6 3. c4 c6 4. e3 Bf5 5. Nc3 e6 6. Nh4 Bg6 7. Qb3 Qc7 8. Nxg6
hxg6 9. g3 Nbd7 10. Bg2 Nb6 11. cxd5 exd5 12. Bd2 Be7 13. Rc1 Nc4 14. Qc2 Qd7
15. b3 Nxd2 16. Qxd2 Bb4 17. f3 g5 18. Qd3 g4 19. f4 g6 20. Kf2 Bxc3 21. Rxc3
Kf8 22. Rc2 Kg7 23. b4 a6 24. a4 Rh5 25. b5 axb5 26. axb5 cxb5 27. Rhc1 Rxh2
28. Kg1 Rhh8 29. Rc5 Rhc8 30. Qc3 Rc6 31. Qb3 Qe6 32. Re1 Rac8 33. Qxb5 Rxc5
34. dxc5 Rc7 35. Qb2 Rxc5 36. Qxb7 Rc1 37. Rxc1 Qxe3+ 38. Kh2 Qxc1 39. Bxd5
Qd2+ 40. Bg2 Nh5 41. Qb3 Qf2 42. Qc3+ Kh7 43. Qb3 Kg8 44. Qc3 Qe2 45. Qc8+ Kg7
46. Qc3+ Kh7 47. Qb3 Qe7 48. Qd1 f5 49. Qd3 Qe1 50. Qb3 Kh6 51. Qa3 Qe6 52. Qc3
Nf6 53. Qd2 Kg7 54. Qc3 Kf7 55. Qc7+ Kf8 56. Qc5+ Kg7 57. Qc3 Qd6 58. Qe3 Nd7
59. Qc3+ Kh7 60. Qc4 Kg7 61. Qc3+ Nf6 62. Qc2 Qe7 63. Qc3 Kh7 64. Qc6 Ne8 65.
Qd5 Nd6 66. Qd4 Nf7 67. Bd5 Qd7 68. Qc4 Nd6 69. Qd3 Qe7 70. Qd4 Qe2+ 71. Bg2
Qe6 72. Bd5 Qe7 1/2-1/2

[Event "Manhem Chessweek IM"]
[Site "www.ssmanhem.se"]
[Date "2014.08.11"]
[Round "3"]
[White "Berggren Torell, Harald"]
[Black "Åkesson, Joel"]
[Result "0-1"]
[WhiteElo "2131"]
[BlackElo "2283"]
[PlyCount "54"]
[EventDate "2014.??.??"]

1. e4 e6 2. d4 d5 3. exd5 exd5 4. Bf4 Bd6 5. Bxd6 Qxd6 6. Nd2 Ne7 7. c3 O-O 8.
Bd3 Bf5 9. Bxf5 Nxf5 10. Ne2 Nd7 11. O-O Rae8 12. Ng3 Nxg3 13. hxg3 Re6 14. Nf3
Nf6 15. Re1 Ne4 16. Qc2 Rh6 17. Nd2 f5 18. Nxe4 fxe4 19. Qb3 Kh8 20. Qxb7 Qf6
21. Re2 Qf5 22. Qb4 Kg8 23. g4 Qxg4 24. Re3 Qf4 25. Rh3 Rxh3 26. gxh3 Qxf2+ 27.
Kh1 Qg3 0-1

[Event "Manhem Chessweek IM"]
[Site "www.ssmanhem.se"]
[Date "2014.08.11"]
[Round "3"]
[White "Fries Nilesen, Jens Ove"]
[Black "Bengtsson, Jonas"]
[Result "1-0"]
[WhiteElo "2401"]
[BlackElo "2087"]
[PlyCount "67"]
[EventDate "2014.??.??"]

1. d4 Nf6 2. Nc3 d5 3. Bf4 e6 4. Nb5 Na6 5. e3 c6 6. Nc3 Nb8 7. a3 Be7 8. g4 h6
9. Nf3 Nbd7 10. Ne5 Nxe5 11. Bxe5 b6 12. h4 Bb7 13. Bd3 Bd6 14. f4 Qe7 15. Qe2
O-O-O 16. O-O-O Rhg8 17. Kb1 Kb8 18. Bxd6+ Qxd6 19. g5 hxg5 20. fxg5 Nd7 21. e4
f6 22. gxf6 gxf6 23. h5 Rh8 24. h6 e5 25. exd5 cxd5 26. Bf5 exd4 27. Rxd4 Qe5
28. Qf2 Nc5 29. Re1 Ne4 30. Nxe4 dxe4 31. Rxd8+ Rxd8 32. h7 Bc8 33. Bxe4 Re8
34. Re3 1-0

[Event "Manhem Chessweek IM"]
[Site "www.ssmanhem.se"]
[Date "2014.08.11"]
[Round "4"]
[White "Mikael Arnelind, Mikael"]
[Black "Fries Nielsen, Jens Ove"]
[Result "0-1"]
[WhiteElo "2167"]
[BlackElo "2401"]
[PlyCount "110"]
[EventDate "2014.??.??"]

1. d4 g6 2. c4 Bg7 3. Nf3 e6 4. Nc3 Ne7 5. Bf4 d6 6. Qd2 h6 7. h4 a6 8. e4 Nd7
9. Be2 b6 10. g4 Bb7 11. Rg1 e5 12. Be3 exd4 13. Bxd4 Ne5 14. Nxe5 dxe5 15. Be3
Qxd2+ 16. Bxd2 Nc6 17. O-O-O Nd4 18. Rde1 O-O-O 19. Nd5 Bf8 20. g5 hxg5 21.
Bxg5 Bh6 22. Bg4+ Kb8 23. Nc3 Bxg5+ 24. hxg5 Rh2 25. Ref1 b5 26. cxb5 axb5 27.
Rh1 Rg2 28. Rhg1 Rxg1 29. Rxg1 b4 30. Na4 Rd6 31. Re1 f6 32. Kb1 f5 33. exf5
gxf5 34. Bxf5 Nxf5 35. Rxe5 Rd1+ 36. Kc2 Rf1 37. Nc5 Rxf2+ 38. Kb3 Bc8 39. Re4
c6 40. Rxb4+ Kc7 41. Rg4 Ng7 42. Rg3 Bf5 43. a4 Kb6 44. Rc3 Rg2 45. Ka3 Ne6 46.
Nd7+ Kc7 47. Ne5 Nd4 48. g6 Be6 49. Nc4 Rxg6 50. Kb4 Rg4 51. b3 Rh4 52. Rc1 c5+
53. Ka3 Rh3 54. a5 Rxb3+ 55. Ka2 Rb4 0-1

[Event "Manhem Chessweek IM"]
[Site "www.ssmanhem.se"]
[Date "2014.08.11"]
[Round "4"]
[White "Lindgren, Philip"]
[Black "Poley, Vladimir"]
[Result "1/2-1/2"]
[WhiteElo "2317"]
[BlackElo "2290"]
[PlyCount "113"]
[EventDate "2014.??.??"]

1. c4 e5 2. g3 Nf6 3. Bg2 c6 4. d4 exd4 5. Qxd4 Na6 6. Nf3 Bc5 7. Qe5+ Be7 8.
O-O O-O 9. Nc3 Re8 10. Qd4 d6 11. b3 Nc5 12. Bb2 Qa5 13. h3 h6 14. e4 Qb4 15.
Ne1 a5 16. Nc2 Qb6 17. Rad1 a4 18. b4 Ncd7 19. Ba3 Qxd4 20. Rxd4 Nh7 21. Ne3
Bf6 22. Rd3 Ng5 23. h4 Nf3+ 24. Bxf3 Ne5 25. Rfd1 Nxf3+ 26. Kg2 Ne5 27. Rxd6
Ng4 28. Nxg4 Bxg4 29. Rc1 Bxc3 30. Rxc3 Rxe4 31. f3 Re2+ 32. Kf1 Re6 33. b5 Bf5
34. g4 Rxd6 35. Bxd6 Be6 36. bxc6 bxc6 37. a3 Rd8 38. c5 Rd7 39. Ke2 Rb7 40.
Ke3 Rb2 41. Bc7 Ra2 42. Ba5 h5 43. Kf4 Rg2 44. gxh5 Rh2 45. Ke5 Rd2 46. h6 Rd5+
47. Ke4 gxh6 48. Rc4 Rh5 49. Rxa4 Rxh4+ 50. f4 h5 51. Bc3 Rh3 52. Ra8+ Kh7 53.
Bd4 Kg6 54. Rg8+ Kh7 55. Rh8+ Kg6 56. Rg8+ Kh7 57. Rh8+ 1/2-1/2

[Event "Manhem Chessweek IM"]
[Site "www.ssmanhem.se"]
[Date "2014.08.11"]
[Round "4"]
[White "Bengtsson, Jonas"]
[Black "Bruedigam, Martin"]
[Result "0-1"]
[WhiteElo "2087"]
[BlackElo "2342"]
[PlyCount "74"]
[EventDate "2014.??.??"]

1. d4 d5 2. c4 c6 3. Nf3 Nf6 4. Nc3 dxc4 5. a4 Bf5 6. Ne5 Nbd7 7. Nxc4 Qc7 8.
g3 e5 9. dxe5 Nxe5 10. Bf4 Nfd7 11. Bg2 f6 12. Nxe5 Nxe5 13. O-O Rd8 14. Qc1
Qa5 15. Ne4 Bb4 16. Qe3 Qb6 17. Rfd1 O-O 18. Qb3+ Nf7 19. Bc7 Qxc7 20. Qxb4 a5
21. Qb3 Qe7 22. Nc3 Be6 23. Qb6 Qb4 24. Qxb4 axb4 25. Ne4 b6 26. Nd2 c5 27. Kf1
Ne5 28. b3 Rd6 29. Be4 Rfd8 30. Ke1 h6 31. Bc2 Nc6 32. Bd3 Rxd3 33. exd3 Nd4
34. Rab1 Bg4 35. Rdc1 Re8+ 36. Kf1 Bh3+ 37. Kg1 Re2 0-1

[Event "Manhem Chessweek IM"]
[Site "www.ssmanhem.se"]
[Date "2014.08.11"]
[Round "4"]
[White "Karlsson, Lars"]
[Black "Åkesson, Joel"]
[Result "1-0"]
[WhiteElo "2426"]
[BlackElo "2283"]
[PlyCount "101"]
[EventDate "2014.??.??"]

1. Nf3 d5 2. g3 Nf6 3. Bg2 Bg4 4. b3 Nbd7 5. Bb2 e6 6. O-O Bd6 7. c4 c6 8. d4
O-O 9. Nbd2 Qe7 10. Ne5 Bf5 11. Re1 Ba3 12. Bxa3 Qxa3 13. Nxd7 Nxd7 14. Qc1 Qe7
15. Qc3 a5 16. a3 Rfc8 17. c5 Ra7 18. b4 axb4 19. axb4 Rxa1 20. Rxa1 e5 21. Nb3
Bg4 22. f3 exd4 23. Nxd4 Be6 24. Ra7 Rb8 25. Qe3 Qf6 26. Qf4 g5 27. Qxf6 Nxf6
28. e3 Bd7 29. Bf1 g4 30. f4 Ne4 31. Bd3 f5 32. Bxe4 dxe4 33. Kf2 Kf8 34. Nb3
Ke8 35. Na5 Bc8 36. Nc4 Kd8 37. Nb6 Be6 38. Ke1 Kc7 39. Na8+ Kd8 40. Kd2 Bc4
41. Kc3 Ba6 42. Kd4 Ke7 43. Ke5 Rd8 44. Nb6 Rd3 45. b5 Bxb5 46. Rxb7+ Kd8 47.
Kxf5 Rxe3 48. Rd7+ Ke8 49. Rd4 Bd3 50. Kf6 Re2 51. Na8 1-0

[Event "Manhem Chessweek IM"]
[Site "www.ssmanhem.se"]
[Date "2014.08.11"]
[Round "4"]
[White "Brustkern, Juergen"]
[Black "Berggren Torell, Harald"]
[Result "1/2-1/2"]
[WhiteElo "2255"]
[BlackElo "2131"]
[PlyCount "41"]
[EventDate "2014.??.??"]

1. c4 d6 2. Nc3 g6 3. d4 Bg7 4. e4 Nf6 5. f4 O-O 6. Nf3 c5 7. d5 e6 8. dxe6
fxe6 9. Bd3 Nc6 10. O-O Nh5 11. Ng5 Bd4+ 12. Kh1 e5 13. f5 Nf4 14. Nh3 Nxh3 15.
gxh3 Qh4 16. Qg4 Qxg4 17. hxg4 Nb4 18. Be2 Nc2 19. Bh6 Nxa1 20. Bxf8 Kxf8 21.
Rxa1 1/2-1/2

[Event "Manhem Chessweek IM"]
[Site "www.ssmanhem.se"]
[Date "2014.08.12"]
[Round "5"]
[White "Brüdigam, Martin"]
[Black "Arnelind, Mikael"]
[Result "1/2-1/2"]
[WhiteElo "2342"]
[BlackElo "2167"]
[PlyCount "73"]
[EventDate "2014.??.??"]

1. e4 e6 2. d4 d5 3. Nc3 Bb4 4. exd5 exd5 5. Bd3 Nc6 6. a3 Ba5 7. Be3 Nge7 8.
Qf3 Be6 9. Nge2 Qd7 10. O-O Ng6 11. h3 O-O 12. Ng3 Nce7 13. Nh5 f6 14. Nf4 Nxf4
15. Bxf4 Bf5 16. Ne2 Bxd3 17. Qxd3 Ng6 18. Bd2 Bxd2 19. Qxd2 Rae8 20. Rfe1 Re7
21. Nc3 Rfe8 22. Rxe7 Rxe7 23. Re1 c6 24. Na4 Qe8 25. Rxe7 Qxe7 26. Qe3 Kf7 27.
Nc5 b6 28. Nd3 Qxe3 29. fxe3 Ke6 30. Kf2 Kd6 31. Kf3 Nh4+ 32. Kf2 Ng6 33. Nc1
Nf8 34. Ne2 Ne6 35. Ng3 g6 36. c3 Ng5 37. Ke2 1/2-1/2

[Event "Manhem Chessweek IM"]
[Site "www.ssmanhem.se"]
[Date "2014.08.12"]
[Round "5"]
[White "Berggren Torell, Harald"]
[Black "Lindgren, Philip"]
[Result "0-1"]
[WhiteElo "2131"]
[BlackElo "2317"]
[PlyCount "119"]
[EventDate "2014.??.??"]

1. e4 d6 2. d4 Nf6 3. Nc3 g6 4. Be3 a6 5. f4 Bg7 6. Nf3 b5 7. e5 Ng4 8. Bg1 O-O
9. Bd3 b4 10. Ne4 f5 11. Ng3 e6 12. h3 Nh6 13. h4 Ng4 14. h5 Nc6 15. Qe2 d5 16.
Nf1 Ne7 17. g3 Qe8 18. hxg6 Qxg6 19. a3 bxa3 20. Rxa3 a5 21. N1d2 Bd7 22. Nb3
Rfb8 23. Nc5 Bc8 24. b3 Bf8 25. Bb5 c6 26. Bd3 Ra7 27. Kd2 h6 28. Bf2 Qe8 29.
Rha1 Rba8 30. b4 Qd8 31. Nb3 Ng6 32. c3 a4 33. Nc5 Bxc5 34. dxc5 Ba6 35. Nd4
Bxd3 36. Kxd3 Qc8 37. Kd2 h5 38. Nb3 h4 39. Na5 Rh7 40. Rxa4 h3 41. Rh1 h2 42.
Raa1 Nh8 43. Bd4 Nf7 44. Ke1 Qe8 45. Qb2 Nd8 46. Nb3 Rxa1+ 47. Qxa1 Rh8 48. Qa8
Kg7 49. Qa7+ Kh6 50. Nd2 Nf7 51. Nf1 Kg7 52. Ke2 Qa8 53. Qxa8 Rxa8 54. Kf3 Ra2
55. b5 Nd8 56. b6 Kf7 57. Be3 Ke8 58. Nd2 Kd7 59. Nb3 Ra3 60. Nd2 0-1

[Event "Manhem Chessweek IM"]
[Site "www.ssmanhem.se"]
[Date "2014.08.12"]
[Round "5"]
[White "Poley, Vladimir"]
[Black "Bengtsson, Jonas"]
[Result "1-0"]
[WhiteElo "2290"]
[BlackElo "2087"]
[PlyCount "95"]
[EventDate "2014.??.??"]

1. Nf3 Nf6 2. g3 d5 3. Bg2 c6 4. O-O Bg4 5. Ne5 Bh5 6. c4 e6 7. cxd5 exd5 8. d4
Nbd7 9. Nd3 Bd6 10. Nc3 O-O 11. Nf4 Bg6 12. Nxg6 hxg6 13. Bg5 Qb6 14. Qd3 Rfe8
15. h4 Rac8 16. Rab1 Qd8 17. Bf3 Nf8 18. b4 Ne6 19. Bd2 b5 20. Kg2 Qb6 21. e3
Re7 22. Rh1 Rce8 23. h5 g5 24. Qf5 Nh7 25. Bd1 Nef8 26. Bc2 Qd8 27. Qg4 Re6 28.
Ne2 Nd7 29. Rbc1 Bf8 30. Bf5 Ndf6 31. Qh3 Rd6 32. f3 Kh8 33. Rc2 Re7 34. Nc1
Nd7 35. Bxh7 Kxh7 36. Qf5+ Kg8 37. Qxg5 Nb6 38. Nd3 Nc4 39. Bc1 Qe8 40. Re2
Rde6 41. Rhe1 Rd7 42. Nf4 Rh6 43. e4 dxe4 44. Rxe4 Qd8 45. Qg4 Rhd6 46. Re8 Qf6
47. h6 Rd8 48. Nh5 1-0

[Event "Manhem Chessweek IM"]
[Site "www.ssmanhem.se"]
[Date "2014.08.12"]
[Round "5"]
[White "Åkesson, Joel"]
[Black "Brustkern, Juergen"]
[Result "1/2-1/2"]
[WhiteElo "2283"]
[BlackElo "2255"]
[PlyCount "52"]
[EventDate "2014.??.??"]

1. c4 e5 2. g3 Nc6 3. Bg2 f5 4. Nc3 Nf6 5. d3 Bb4 6. Bd2 O-O 7. Nf3 d6 8. O-O
Bxc3 9. Bxc3 Qe8 10. e3 f4 11. exf4 exf4 12. Qd2 Ng4 13. Rae1 Qh5 14. h3 Nge5
15. Nxe5 Nxe5 16. Bxe5 dxe5 17. g4 Qg5 18. Bd5+ Kh8 19. f3 c6 20. Be4 Be6 21.
Qf2 Qe7 22. Re2 g6 23. Rfe1 Qf6 24. b3 Rfd8 25. Kg2 Rd4 26. Rh1 g5 1/2-1/2

[Event "Manhem Chessweek IM"]
[Site "www.ssmanhem.se"]
[Date "2014.08.13"]
[Round "6"]
[White "Karlsson, Lars"]
[Black "Brustkern, Juergen"]
[Result "1/2-1/2"]
[WhiteElo "2426"]
[BlackElo "2255"]
[PlyCount "98"]
[EventDate "2014.??.??"]

1. b3 e5 2. Bb2 Nc6 3. e3 d5 4. Bb5 Bd6 5. c4 Nf6 6. Nf3 e4 7. Ne5 Bxe5 8. Bxe5
O-O 9. Bb2 Nb4 10. c5 Bg4 11. Qc1 a6 12. a3 axb5 13. axb4 Rxa1 14. Bxa1 c6 15.
h3 Be6 16. Bd4 Nd7 17. Nc3 Qg5 18. Ne2 f6 19. Nf4 Ne5 20. Bxe5 fxe5 21. Nxe6
Qxg2 22. Rf1 Re8 23. Nc7 Rc8 24. Qa1 Rxc7 25. Qxe5 Rf7 26. Qb8+ Rf8 27. Qxb7
Qg6 28. Kd1 Qg2 29. Ke1 Qg6 30. Qe7 Rf6 31. Qe5 h6 32. Qh2 Rf7 33. Qe5 Kh7 34.
Ke2 Qg2 35. Qg3 Qxg3 36. fxg3 Rxf1 37. Kxf1 g5 38. g4 Kg6 39. Ke2 h5 40. gxh5+
Kxh5 41. Kf2 Kh4 42. Kg2 g4 43. hxg4 Kxg4 44. Kf2 Kh3 45. Ke1 Kg3 46. Ke2 Kg2
47. Ke1 Kg1 48. Ke2 Kg2 49. Ke1 Kg1 1/2-1/2

[Event "Manhem Chessweek IM"]
[Site "www.ssmanhem.se"]
[Date "2014.08.13"]
[Round "6"]
[White "Lindgren, Philip"]
[Black "Åkesson, Joel"]
[Result "0-1"]
[WhiteElo "2317"]
[BlackElo "2283"]
[PlyCount "82"]
[EventDate "2014.??.??"]

1. c4 c5 2. Nc3 g6 3. Nf3 Bg7 4. e3 Nf6 5. d4 O-O 6. d5 d6 7. Be2 e6 8. Nd2 Na6
9. O-O exd5 10. cxd5 Nc7 11. e4 a6 12. a4 Rb8 13. a5 Re8 14. f3 Bd7 15. Nc4 Bb5
16. Bg5 h6 17. Bh4 g5 18. Bf2 Bxc4 19. Bxc4 Nd7 20. Qd2 b5 21. axb6 Rxb6 22.
Ra2 Qb8 23. h4 Ne5 24. Be2 Bf6 25. hxg5 hxg5 26. Be3 Qd8 27. Rfa1 Rb4 28. Ra4
Rxa4 29. Rxa4 Qe7 30. Kf2 Rb8 31. Ra1 Kg7 32. g3 Rh8 33. Rg1 Nb5 34. Nxb5 axb5
35. Rg2 Nc4 36. Bxc4 bxc4 37. Qc2 Rb8 38. Qxc4 Rxb2+ 39. Kg1 Rb1+ 40. Bc1 Bd4+
41. Kh2 Qf6 0-1